Statistics for Science Fiction by Letter: W

Click here to take the quiz!

General Stats

  • This quiz has been taken 50 times
    (23 since last reset)
  • The average score is 13 of 20

Answer Stats

HintAnswer% Correct
This is the Pixar film about a robot left to clean up a tragically polluted Earth.Wall E.
95%
This H.G. Wells novel about alien invaders has been made into a radio show and two films.War of the Worlds
95%
Tatooine is covered in sand, but Kamino is covered in...Water
95%
What is Batman's alter ego?Bruce Wayne
91%
He wrote The Time Machine.H.G. Wells
91%
Originally a book by Michael Crichton, this is now a televsision series about a theme park with sentient robots.Westworld
91%
Ally Sheedy and Matthew Broderick starred in this 1983 movie about putting the controls of our nuclear weapons into the hands of a super computer.War Games
86%
This was Kevin Costner's film about an Earth flooded after global warming.Water World
86%
This was the sequel to Star Trek: The Motion Picture.The Wrath of Khan
82%
This is the zombie movie starring Brad Pitt.World War Z
77%
These are the giant beasts that produce the spice on Arrakis.Worms
73%
In the M. Knight Shamalan movie Signs, what could be used against the aliens?water
64%
Doctor Crusher's son on Star Trek (The Next Generation).Wesley Crusher
64%
What was Riker's first name on Star Trek Next Generation?William
64%
This is the corporation in the Alien cinematic universe.Weyland Yutani Corp.
32%
This is the online wiki source for all things Star Wars.Wookiepedia
23%
The style of fighting used by Paul Atreides and the Bene Geserit.Weirding Way
18%
This is what the ice creature that attacked Luke on Hoth was called (though the word is never used in the film).Wampa
14%
The organization running experiments on the children in The Maze Runner series.WICKD
9%
This was Ralph Bakshi's sci-fi fantasy film before attempting The Lord of the RingsWizards
9%

Score Distribution

Percentile by Number Answered

Percent of People with Each Score

Your Score History

You have not taken this quiz since the last reset